Ideas for great home lighting (Record no. 407039)
[ view plain ]
| 000 -LEADER | |
|---|---|
| fixed length control field | 00278nam a2200097Ia 4500 |
| 082 ## - DEWEY DECIMAL CLASSIFICATION NUMBER | |
| Classification number | 747.92 ATKI |
| 008 - FIXED-LENGTH DATA ELEMENTS--GENERAL INFORMATION | |
| fixed length control field | 210817s9999 xx 000 0 und d |
| 100 ## - MAIN ENTRY--PERSONAL NAME | |
| Personal name | ATKINSON, Scott Menlo Park, Calif., 2003 |
| 9 (RLIN) | 96654 |
| 245 #0 - TITLE STATEMENT | |
| Title | Ideas for great home lighting |
| 942 ## - ADDED ENTRY ELEMENTS | |
| item type | Books |
No items available.